000 00709nam a22002297a 4500
999 _c64847
_d64847
005 20240530110754.0
008 181224s2018 ua g 00| f ara d
017 _a2017/29341
_bمصر. دار الكتب
020 _a9789770934555
040 _aEG-CaGPL
_cEG-CaGPL
082 0 4 _221
_a813.03 /
_bأ ع
100 0 _aاسامة غريب
245 1 0 _aعازفة الكمان/
_cاسامة غريب
250 _aط.1
260 _aالقاهرة :
_bدار الشروق ،
_c2018.
300 _a262 ص. ؛
_c19 سم.
650 0 7 _2qrmak
_aالادب العربى
650 0 7 _2qrmak
_aالقصص العربية
651 _2qrmak
942 _2ddc
_cBK